| 000 | 00730 a2200193 4500 | ||
|---|---|---|---|
| 999 |
_c6093 _d6093 |
||
| 020 | _a076001079 | ||
| 050 | 0 | 0 | _aT58.6 STA 1999 |
| 100 | 1 |
_aStair, Ralph M. _eauthor |
|
| 245 | 1 | 0 |
_aPrinciples of information systems : _ba managerial approach / _cRalph M. Stair & George W. Reynolds |
| 250 | _a4th ed. | ||
| 264 |
_aCambridge : _bCourse Technology, _c1999. |
||
| 300 |
_a692p. : _bcol. ill., (col.) |
||
| 500 | _aIncludes index | ||
| 504 | _aIncludes bibliographical references | ||
| 650 | 0 | _aManagement information systems. | |
| 700 |
_aReynolds, George W. _eauthor |
||
| 942 |
_2lcc _cBK _e4th ed. _h58.6 _iSTA _kT |
||